Statistics for Things that are Bad Quiz

Click here to take the quiz!

General Stats

  • This quiz has been taken 48,845 times
    (33,201 since last reset)
  • The average score is 13 of 20

Answer Stats

Clue Answer % Correct
Enemy of Little Red Riding HoodBig Bad Wolf
96%
Shot through the heart, and you're
to blame. Darling, you give love a ...
Bad Name
94%
Smoking or biting one's nails, e.g.Bad Habit
90%
Racquet sportBadminton
88%
Mirror breaker's curseBad Luck
81%
Chewing with your mouth open, e.g.Bad Manners
80%
Whatcha gonna do when
they come for you?
Bad Boys
77%
One can spoil the whole bunchBad Apple
69%
Greatest TV show of all time?Breaking Bad
69%
HalitosisBad Breath
67%
Rare but possible outcome of taking LSDBad Trip
64%
Lady Gaga songBad Romance
63%
Geographical feature of the DakotasBadlands
61%
A serious feud or grudgeBad Blood
57%
Capital of PakistanIslamabad
54%
A low FICO scoreBad Credit
50%
2007 Jonah Hill movieSuperbad
44%
2003 Billy Bob Thornton movieBad Santa
40%
He's badder than old King Kong, and
meaner than a junkyard dog
Bad, Bad
Leroy Brown
39%
Movie about misfit baseball kidsThe Bad News
Bears
39%

Score Distribution

Percentile by Number Answered

Percent of People with Each Score

Your Score History

You have not taken this quiz since the last reset